000 00439cam a2200181ua 4500
020 _c0.75
041 _ahin
_h
082 _a891.54
_bMAS/GA
100 _aMashroovala, .
245 _aGandhi aur samyavad /
_cMashroovala.
_hTextual Documents
250 _a1 /
_b.
260 _aAhmadabad :
_bNavajivan publishing house ,
_c1956.
300 _a124 ; .
365 _a0.75
504 _a
942 _cBK
999 _c6397
_d6397